České Budějovice in flagranti /
| Hlavní autor: | Tůma, Michal, 1947- |
|---|---|
| Jazyk: | Němčina Francouzština Angličtina Čeština |
| Vydáno: |
České Budějovice : FOTO MIDA, 1994 |
| Témata: | |
| Fyzický popis: |
Nestr., [1] vol. příl. : čb. a barev. fotogr. |
|
| LEADER | 01271nam a2200337 a 4500 | ||
|---|---|---|---|
| 001 | 000001853 | ||
| 003 | CZ BrMZK | ||
| 005 | 20240909121221.0 | ||
| 007 | ta | ||
| 008 | 010907s1994 xr e eng d | ||
| 015 | |a cnb000086183 | ||
| 020 | |a 80-900301-5-7 |c 120.00 | ||
| 040 | |a BOA001 |b cze | ||
| 041 | 1 | |a eng |a cze |a fre |a ger | |
| 043 | |a e-xr--- |b e-xr-jc |2 czenas | ||
| 072 | 7 | |a 913(437) |x Geografie Česka a Slovenska, reálie, cestování |2 Konspekt |9 7 | |
| 080 | |a 913(437.319) |2 MRF | ||
| 080 | |a (437.319) |2 MRF | ||
| 080 | |a (084.12) |2 MRF | ||
| 100 | 1 | |a Tůma, Michal, |d 1947- |7 jo20000075586 | |
| 245 | 1 | 0 | |a České Budějovice in flagranti / |c [Fotogr.] ... Úv. naps. Marie Šotolová a odb. text Karel Pletzer |
| 260 | |a České Budějovice : |b FOTO MIDA, |c 1994 | ||
| 300 | |a Nestr., [1] vol. příl. : |b čb. a barev. fotogr. | ||
| 500 | |a Text vícejaz. | ||
| 651 | 7 | |a České Budějovice (Česko) |7 ge131699 |x reálie |2 czenas | |
| 651 | 9 | |a České Budějovice (Czechia) |x description and travel |2 eczenas | |
| 655 | 7 | |a fotografické publikace |7 fd132276 |2 czenas | |
| 655 | 9 | |a photographical works |2 eczenas | |
| 910 | |a BOA001 |b 2-1000.742 | ||
| 990 | |a BK | ||
| 996 | 6 | |b 2610010924 |c 2-1000.742 |l MZK |r Sklad / do 1 hodiny |n 3 |p p.v. |w 000001853 |u 000010 |a 1 |e BOA001 |j MZK50 |s P | |
English
Čeština 